Mixed Word: Beatles Songs Quiz Stats

 Plays Quiz Updated Sep 27, 2017

Score 0/16 Timer 05:00
1 Play Today
Scrambled Song Unscrambled Song % Correct
PHLEHelp!
99.2%
MOCE ETTERHOGCome Together
92%
LAL GOTREHET WONAll Together Now
86.5%
OUY VEREN GEVI EM UYRO YEMNOYou Never Give Me Your Money
86%
KBAC NI HET SURSBack In The USSR
85.1%
TSRADYEEYYesterday
83.8%
SLAGS INONOGlass Onion
81.9%
SEALPE LEEPSA EMPlease Please Me
80%
Scrambled Song Unscrambled Song % Correct
KRAPEPBAC RRETWIPaperback Writer
79.7%
RHE JETSYAMHer Majesty
79.1%
ALYD DANANOMLady Madonna
76.4%
WARYBRETRS DESFLI REVREOFStrawberry Fields Forever
68.3%
LEOLH DOYOGEBHello, Goodbye
67.5%
ONEREAL GYRIBEleanor Rigby
66%
HIGEMNOTSSomething
40.4%
ARKLICBDBBlackbird
38.7%

You're not logged in!

Compare scores with friends on all Sporcle quizzes.
OR
Log In

Sporcle TV

Today on Sporcle TV


Watch our educational content, quiz creation guides, and fun videos on Sporcle TV.

Show Comments

Extras

Top Quizzes Today


Score Distribution

Your Account Isn't Verified!

In order to create a playlist on Sporcle, you need to verify the email address you used during registration. Go to your Sporcle Settings to finish the process.

Report this User

Report this user for behavior that violates our Community Guidelines.

Details: